[Event "6th ch-Mediterranean"]
[Site "Antalya TUR"]
[Date "2009.01.16"]
[Round "8"]
[White "Gurevich,M1"]
[Black "Sanal,V"]
[Result "1-0"]
[WhiteElo "2624"]
[BlackElo "1873"]

1.d4 Nf6 2.Bg5 Ne4 3.Bf4 c5 4.f3 Qa5+ 5.c3 Nf6 6.d5 d6 7.e4 g6 8.a4 Bg7 9.Na3 O-O
10.Bd3 Nbd7 11.Nc4 Qd8 12.Ne2 b6 13.O-O a6 14.Be3 Ne5 15.Nxe5 dxe5 16.a5 Nd7
17.axb6 Qxb6 18.Qa4 Qd6 19.Qc6 Rb8 20.Rfb1 Bb7 21.Qxd6 exd6 22.Bxa6 Bxa6
23.Rxa6 Nb6 24.Bc1 Nc4 25.Ra4 Nb6 26.Ra2 Nc4 27.Ra4 Nb6 28.Raa1 Ra8 29.b3 f5
30.c4 fxe4 31.fxe4 Nd7 32.Nc3 Rxa1 33.Rxa1 Rb8 34.Ra3 h6 35.Kf2 Rf8+ 36.Ke2 Nf6
37.Be3 Rf7 38.Ra8+ Kh7 39.Rd8 Bf8 40.Nb5 Nd7 41.Bd2 Kg7 42.Nc7 Kf6 43.Ne6 Ke7
44.Ra8 g5 45.Ba5 Kf6 46.Bc7 Be7 47.Ra6  1-0

[Event "Open"]
[Site "Marianske Lazne CZE"]
[Date "2009.01.17"]
[Round "1"]
[White "Pisk,P"]
[Black "Lewicki,M"]
[Result "1-0"]
[WhiteElo "2327"]
[BlackElo "1931"]

1.d4 Nf6 2.Bg5 Ne4 3.h4 c5 4.dxc5 Qa5+ 5.Nd2 e5 6.c3 Nxd2 7.Qxd2 Qxc5 8.e4 d6
9.c4 Qc7 10.Bd3 Nc6 11.Ne2 Be6 12.Rc1 Be7 13.Be3 O-O 14.g3 f5 15.exf5 Bxf5
16.Nc3 Qd7 17.Bxf5 Qxf5 18.Qd5+ Kh8 19.Qe4 Qf7 20.Nd5 Rae8 21.Kd2 Bd8 22.Kc2 Bb6
23.Nxb6 axb6 24.Kb1 Ra8 25.Bxb6 Ra6 26.Be3 b5 27.Rhd1 Ne7 28.a3 Rfa8 29.Rxd6 Ra4
30.Rcd1 Rg8 31.Rd7 Rxc4 32.Qxe5 Qg6+ 33.Ka1 Nc6 34.Qxb5 Re4 35.R7d6 Qg4 36.Qxc6 Rge8
37.Rd7 Rc8 38.Qxc8+  1-0

[Event "Queenstown Classic"]
[Site "Queenstown NZL"]
[Date "2009.01.17"]
[Round "3"]
[White "Brockman,R"]
[Black "Harris,R"]
[Result "0-1"]
[WhiteElo "1786"]
[BlackElo "1875"]

1.d4 Nf6 2.Bg5 Ne4 3.Bf4 d5 4.e3 c5 5.Bd3 Nf6 6.dxc5 Nc6 7.Bb5 Bd7 8.Bxc6 Bxc6
9.b4 b6 10.cxb6 Qxb6 11.Qd4 Qxd4 12.exd4 e6 13.c3 a5 14.bxa5 Rxa5 15.Nf3 Bb5
16.Nbd2 Nh5 17.Be3 Bd6 18.Nb3 Ra8 19.Kd2 O-O 20.Rhb1 Nf6 21.Nc5 Bc4 22.a4 Bxc5
23.dxc5 Ne4+ 24.Kc2 Rfc8 25.Nd2 Nxc5 26.Nxc4 dxc4 27.Bxc5 Rxc5 28.a5 f6 29.a6 Rc7
30.Rb7 Rcc8 31.a7 h6 32.Rab1 Kh7 33.Rb8  0-1

[Event "Queenstown Classic"]
[Site "Queenstown NZL"]
[Date "2009.01.21"]
[Round "7"]
[White "Post,Mar"]
[Black "King,M"]
[Result "1/2-1/2"]
[WhiteElo "2094"]
[BlackElo "1934"]

1.d4 Nf6 2.Bg5 Ne4 3.Bf4 d5 4.f3 Nf6 5.e3 e6 6.Bd3 c5 7.c3 Nc6 8.Ne2 Bd6
9.Bg5 Qb6 10.b3 e5 11.dxe5 Nxe5 12.Bxf6 gxf6 13.Nf4 Nxd3+ 14.Qxd3 Bxf4 15.exf4 O-O
16.Na3 Qa5 17.Nc2 d4 18.b4 Re8+ 19.Kf2 cxb4 20.cxb4 Bf5 21.Qd2 Qa6 22.Nxd4 Rad8
23.Qb2 Qb6 24.Rhd1 Rd7 25.Rd2 Red8 26.Rad1 Bc2 27.Qxc2 Rxd4 28.Kg3 Rxd2 29.Rxd2 Rxd2
30.Qxd2 f5 31.Qc3 Qg6+ 32.Kf2 Qb6+ 33.Qc5 Qf6 34.h3 Qh4+ 35.Ke3 Qe1+ 36.Kd4 Qa1+
37.Qc3 Qxa2 38.Qc8+ Kg7 39.Qxf5 Qb2+ 40.Kc4 Qa2+ 41.Kc5 Qf2+ 42.Kd5 Qd2+
43.Kc4 Qa2+ 44.Kc5  1/2-1/2

[Event "Queenstown Classic"]
[Site "Queenstown NZL"]
[Date "2009.01.23"]
[Round "9"]
[White "Forster,W"]
[Black "Stuart,P"]
[Result "1/2-1/2"]
[WhiteElo "1955"]
[BlackElo "2076"]

1.d4 Nf6 2.Bg5 Ne4 3.h4 d5 4.Nd2 Nxd2 5.Qxd2 h6 6.Bf4 Bf5 7.f3 e6 8.g4 Bg6
9.e3 Bd6 10.Ne2 f6 11.Bxd6 Qxd6 12.Nf4 Bf7 13.O-O-O Nd7 14.Be2 O-O-O 15.c4 dxc4
16.Bxc4 Nb6 17.Qc2 Qe7 18.Bb3 Nd5 19.Bxd5 exd5 20.Qf2 Rhe8 21.Rd3 Rd6 22.Rc3 Red8
23.h5 Be8 24.Kb1 Rc6 25.Rhc1 Rxc3 26.Rxc3 Rd6 27.Rc5 Bf7 28.Qc2 b6 29.Rc3 Kb7
30.Qb3 c6 31.Nd3 Be8 32.Nf4 Bf7 33.Nd3 Be8 34.Nf4  1/2-1/2

[Event "Queenstown Classic"]
[Site "Queenstown NZL"]
[Date "2009.01.23"]
[Round "9"]
[White "Corke,A"]
[Black "Brown,An"]
[Result "0-1"]
[WhiteElo "2260"]
[BlackElo "1987"]

1.d4 Nf6 2.Bg5 Ne4 3.Bf4 d5 4.e3 Bf5 5.Bd3 e6 6.Ne2 h5 7.f3 Nd6 8.Nbc3 g5
9.Be5 f6 10.Bxd6 Qxd6 11.e4 Bh7 12.exd5 exd5 13.Bxh7 Rxh7 14.Qd3 Rf7 15.Qg6 Nc6
16.O-O-O Qd7 17.Ng3 O-O-O 18.Nxh5 Bb4 19.Ne2 Na5 20.Qd3 Re8 21.c3 Bd6 22.Nhg3 f5
23.b3 f4 24.Nf1 Rfe7 25.Rd2 Re6 26.Kd1 Rh6 27.Ng1 Rhe6 28.Re2 b6 29.h4 g4
30.fxg4 Rxe2 31.Nxe2 Qxg4 32.Qh3 Qxh3 33.Rxh3 Nc6 34.h5 Nd8 35.h6 Ne6 36.Rh5 Rh8
37.Nh2 Nf8 38.Nf3 Kd7 39.Kd2 c6 40.Kd3 Ke6 41.Ne5 Bxe5 42.dxe5 Ng6 43.Nd4+ Kd7
44.Rg5 Rxh6 45.e6+ Kc7 46.e7 Kd7 47.e8=Q+ Kxe8 48.Nf5 Ne5+ 49.Kd4 Rg6 50.Rh5 Nf7
51.Nh4 Rg4 52.Kd3 Rg3+ 53.Kd2 Nd6 54.Kc2 a5 55.Re5+ Kf7 56.Re2 Kf6 57.Nf3 Nf5
58.Kd2 Ne3 59.Ne1 Kf5 60.Rf2 Ke4 61.Re2 c5 62.Rf2 c4 63.Rf3 Rxg2+  0-1

[Event "ch-CUB"]
[Site "Las Tunas CUB"]
[Date "2009.01.24"]
[Round "5"]
[White "Corrales Jimenez,F"]
[Black "Gonzalez Vidal,Y"]
[Result "1/2-1/2"]
[WhiteElo "2586"]
[BlackElo "2507"]

1.d4 Nf6 2.Bg5 Ne4 3.Bf4 d5 4.e3 c5 5.Bd3 Nf6 6.c3 Nc6 7.h3 e6 8.Nd2 Bd6
9.Bxd6 Qxd6 10.Ngf3 O-O 11.Bb5 Bd7 12.a4 Ne7 13.O-O Bxb5 14.axb5 Qb6 15.Qa4 Nf5
16.b3 Rfc8 17.dxc5 Qxc5 18.c4 Qe7 19.Rfe1 h6 20.e4 dxe4 21.Nxe4 Nxe4 22.Rxe4 a6
23.Ree1 Qc5 24.bxa6 Rxa6 25.Qd7 Rb6 26.Ne5 Qc7 27.Rad1 Rd6 28.Rxd6 Nxd6 29.Qxc7 Rxc7
30.Rd1 Ne4 31.f3 Nc3 32.Rd3 Na2 33.Kf2 Kf8 34.Rd8+ Ke7 35.Rg8 Nc1 36.b4 Kd6
37.f4 f6 38.c5+ Kd5 39.Rd8+ Ke4 40.Nf3 Nd3+ 41.Kg3 e5 42.fxe5 fxe5 43.Nd2+ Ke3
44.Nc4+ Ke2 45.Nxe5 Nxb4 46.Nf3 Na6 47.Nd4+ Ke3 48.Ne6 Re7 49.Rd6 Ke4 50.h4 Ke5
51.Nf4 Rf7 52.Ng6+ Ke4 53.c6 bxc6 54.Rxc6 Nc7 55.Kg4 Nd5 56.Re6+ Kd4 57.Ne5 Ne3+
58.Kh3 Rf2 59.Nf3+ Kd3 60.Rd6+ Ke4 61.Re6+ Kd3 62.h5 Nd5 63.Rd6 Ke4 64.Kg3 Ra2
65.Re6+ Kd3 66.Ne1+ Kd4 67.Kg4 Nf6+ 68.Kh4 Kd5 69.Re7 Ra4+ 70.Kh3 Nxh5 71.g4 Nf4+
72.Kg3 g5 73.Nf3 Ra3 74.Re8 Ne6 75.Kf2 Ra2+ 76.Kg3 Nf4 77.Rd8+ Ke6 78.Nd4+ Kf7
79.Nf5 Ra3+ 80.Kf2 h5 81.gxh5 Nxh5 82.Nh6+ Kg7 83.Nf5+ Kf6 84.Ne3 Nf4 85.Rd6+ Kf7
86.Ng4 Nh3+ 87.Kg2 Nf4+ 88.Kf2  1/2-1/2

[Event "TCh-HUN 2008-9"]
[Site "Budapest HUN"]
[Date "2009.01.25"]
[Round "6"]
[White "Szabo,Leo"]
[Black "Lorincz,I"]
[Result "1-0"]
[WhiteElo "2223"]
[BlackElo "2300"]

1.d4 Nf6 2.Bg5 Ne4 3.Bf4 d5 4.f3 Nf6 5.Nc3 e6 6.Qd2 Bb4 7.g4 c5 8.e3 Nc6
9.Nge2 cxd4 10.exd4 O-O 11.h4 Bd7 12.h5 Na5 13.a3 Nc4 14.Qc1 Ba5 15.b3 Bxc3+
16.Nxc3 Qa5 17.b4 Qb6 18.h6 g6 19.Bg5 Qxd4 20.Ne2 Qe5 21.Bf4 Qb2 22.Qxb2 Nxb2
23.Be5 Nxg4 24.fxg4 Nc4 25.Bg7 Rfc8 26.Nd4 e5 27.Bxc4 Rxc4 28.Nf3 Bxg4 29.Nxe5 Re4+
30.Kd2 Bf5 31.Rae1 Rd4+ 32.Kc3 Rf4 33.Rh2 a5 34.Rhe2 axb4+ 35.axb4 Rc8+ 36.Kb3 Be6
37.Nd3 Rf3 38.Kb2 b6 39.Ra1 g5 40.Re5 Rf5 41.Rae1 g4 42.Rxf5 Bxf5 43.Re5 Be4
44.Rg5 Rc4 45.Bc3+ Kf8 46.Ne5 Rc7 47.Nxg4  1-0

[Event "47th XtraCon TCh-DEN 2008-9"]
[Site "Denmark DEN"]
[Date "2009.01.25"]
[Round "6"]
[White "Fagerstrom,B"]
[Black "Schyberg,B"]
[Result "0-1"]
[WhiteElo "2132"]
[BlackElo "2135"]

1.d4 Nf6 2.Bg5 Ne4 3.Bf4 c5 4.f3 Nf6 5.dxc5 Qa5+ 6.Nc3 Qxc5 7.e4 d6 8.Qd2 g6
9.g4 Be6 10.g5 Nh5 11.Be3 Qa5 12.Nge2 Nc6 13.Nd4 Bg7 14.f4 O-O 15.Nxe6 fxe6
16.Bc4 Nd8 17.O-O Nxf4 18.Bb3 Qxg5+ 19.Kh1 Be5 20.Rf2 Qh4 21.Raf1 g5 22.Rg1 Kh8
23.Ne2 Ng6 24.Rxf8+ Nxf8 25.Ng3 h6 26.Bd4 Nc6 27.Bxe5+ Nxe5 28.Qc3 Qh3 29.Qc7 Nfg6
30.Rf1 Ng4 31.Qc3+ e5 32.Qd2 Nf4  0-1

[Event "Open"]
[Site "Marianske Lazne CZE"]
[Date "2009.01.25"]
[Round "9"]
[White "Ilandzis,S"]
[Black "Sadzikowski,D"]
[Result "1/2-1/2"]
[WhiteElo "2207"]
[BlackElo "2195"]

1.d4 Nf6 2.Bg5 Ne4 3.Bf4 c5 4.f3 Qa5+ 5.c3 Nf6 6.Nd2 cxd4 7.Nb3 Qb6 8.Qxd4 Nc6
9.Qxb6 axb6 10.e4 e5 11.Be3 d5 12.Bxb6 dxe4 13.Bc4 Be7 14.fxe4 Nxe4 15.Nf3 f6
16.O-O Bd8 17.Bxd8 Kxd8 18.a4 Kc7 19.a5 Rd8 20.Ra3 Bg4  1/2-1/2

[Event "7th Gibtelecom Masters"]
[Site "Caleta ENG"]
[Date "2009.01.27"]
[Round "1"]
[White "Mozelius,P"]
[Black "Ercan,F"]
[Result "0-1"]
[WhiteElo "1916"]
[BlackElo "2091"]

1.d4 Nf6 2.Bg5 Ne4 3.Bf4 d5 4.Nd2 f5 5.Ngf3 e6 6.e3 Bd6 7.Ne5 O-O 8.h4 Nxd2
9.Qxd2 Nd7 10.Be2 Nxe5 11.dxe5 Be7 12.h5 Kh8 13.g4 c5 14.gxf5 Rxf5 15.Bd3 Rf8
16.Rg1 c4 17.Be2 Bd7 18.c3 b5 19.Rd1 Be8 20.Bg4 Bf7 21.Qc2 Qb6 22.e4 Rad8
23.exd5 exd5 24.Be3 Bc5 25.Rd4 b4 26.f4 bxc3 27.bxc3 Rb8 28.Qf2 Bxd4 29.Bxd4 Qb1+
30.Bd1 Bxh5 31.Qc2 Bxd1 32.Qxd1 Qe4+  0-1

[Event "1st Open"]
[Site "Gurgon IND"]
[Date "2009.01.28"]
[Round "9"]
[White "Navin,K"]
[Black "Shyam,SM"]
[Result "1-0"]
[WhiteElo "2302"]
[BlackElo "2426"]

1.d4 Nf6 2.Bg5 Ne4 3.Bf4 c5 4.f3 Qa5+ 5.c3 Nf6 6.d5 d6 7.e4 g6 8.Bd3 Bg7
9.Ne2 Nbd7 10.Na3 Nh5 11.Be3 Ne5 12.Bb5+ Bd7 13.Bxd7+ Nxd7 14.Qb3 Rb8 15.Nc4 Qa6
16.O-O b5 17.Nd2 Nb6 18.Qc2 O-O 19.g4 Nf6 20.Ng3 Rfc8 21.h4 Nfd7 22.f4 Rc7
23.h5 c4 24.hxg6 hxg6 25.Nf3 Qc8 26.f5 Na4 27.Ng5 Ne5 28.Qh2 Nxg4 29.Qh7+ Kf8
30.Ne6+ Ke8 31.Nxg7+ Kd7 32.fxg6 Nxe3 33.Qh3+ Kd8 34.Ne6+  1-0

[Event "7th Gibtelecom Masters"]
[Site "Caleta ENG"]
[Date "2009.01.29"]
[Round "3"]
[White "Collier,D"]
[Black "Gashimov,V"]
[Result "0-1"]
[WhiteElo "2083"]
[BlackElo "2723"]

1.d4 Nf6 2.Bg5 Ne4 3.Bf4 c5 4.f3 Nf6 5.dxc5 b6 6.cxb6 Qxb6 7.e4 e6 8.Nc3 Nc6
9.Qd2 e5 10.Bg5 Qxb2 11.Rb1 Qa3 12.Nge2 Bb4 13.Rb3 Qa5 14.a3 Be7 15.Bxf6 Bxf6
16.Nd5 Bd8 17.Ne3 O-O 18.Qxa5 Nxa5 19.Rb1 Bb7 20.Nc3 Rc8 21.Ncd1 g6 22.Bd3 Be7
23.a4 Bc6 24.Nc3 Bc5 25.Ned5 f5 26.Rf1 fxe4 27.fxe4 Rxf1+ 28.Bxf1 Rf8 29.Nd1 Kg7
30.N5c3 Nb7 31.Bb5 Bb6 32.Bxc6 dxc6 33.Ke2 Nc5 34.Rb4 Ne6 35.Rc4 Rf6 36.Kd2 Nf4
37.g3 Nh3 38.Ne2 Ng5 39.h4 Nf3+ 40.Kc1 Rd6 41.Rb4 h5 42.a5 Bc5 43.Rb3 Nd2
44.Rb7+ Kf6  0-1

[Event "TCh-AUT 2nd Bundesliga Mitte 2008-9"]
[Site "Austria AUT"]
[Date "2009.01.31"]
[Round "5"]
[White "Perhinig,R"]
[Black "Krebs,Jo"]
[Result "1/2-1/2"]
[WhiteElo "2300"]
[BlackElo "2234"]

1.d4 Nf6 2.Bg5 Ne4 3.Bf4 d5 4.e3 Bf5 5.Bd3 e6 6.Ne2 Be7 7.f3 Nd6 8.g4 Bxd3
9.Qxd3 h5 10.Nd2 c6 11.c4 dxc4 12.Nxc4 hxg4 13.fxg4 Nxc4 14.Qxc4 Qa5+ 15.Kf2 Nd7
16.Nc3 Nf6 17.h3 Bb4 18.Be5 O-O-O 19.Bxf6 gxf6 20.a3 Bxc3 21.bxc3 f5 22.g5 f4
23.exf4 Qf5 24.Kg3 Rh4 25.Qf1 Rdh8 26.Ra2 f6 27.Rf2 fxg5 28.fxg5 Qxg5+ 29.Kf3 Rf4+
30.Ke2 Qh5+ 31.Ke3 Rf5 32.Rxf5 exf5 33.Rh2 Re8+ 34.Kd2 Qf7 35.Qd3 Qa2+ 36.Qc2 Qe6
37.Qd3 Qa2+ 38.Qc2 Qe6 39.Kc1 f4 40.Rf2 Qe3+ 41.Kb2 Kc7 42.Qd2 Qxd2+ 43.Rxd2 Kd6
44.Kc2 Re4 45.h4 f3 46.Rf2 Rxh4 47.Rxf3  1/2-1/2

[Event "7th Gibtelecom Masters"]
[Site "Caleta ENG"]
[Date "2009.02.03"]
[Round "8"]
[White "Trent,L"]
[Black "Forsaa,E"]
[Result "0-1"]
[WhiteElo "2487"]
[BlackElo "2322"]

1.d4 Nf6 2.Bg5 Ne4 3.Bf4 g5 4.Bc1 g4 5.Nc3 Nxc3 6.bxc3 d5 7.e3 Qd6 8.g3 h5
9.h3 Bg7 10.hxg4 hxg4 11.Rxh8+ Bxh8 12.Qd3 f5 13.Bg2 e6 14.a4 b6 15.Ba3 Qd7
16.Qd2 Ba6 17.e4 dxe4 18.Qg5 Qf7 19.f3 Bf6 20.Qe3 gxf3 21.Nxf3 Nd7 22.O-O-O Qg7
23.Kb1 O-O-O 24.Nd2 Bg5 25.Qe1 Nf6 26.Nb3 Nd5 27.Ka1 Ne3 28.Rd2 Nc4 29.Bf1 Qd7
30.Bxc4 Bxc4 31.Rh2 Qxa4 32.Kb2 Qb5 33.Rh5 Rg8 34.Qh1 a5 35.Rh8 Rxh8 36.Qxh8+ Kb7
37.Qg7 a4 38.Qxg5 axb3 39.Bb4 Qa4 40.cxb3 Qxb3+ 41.Kc1 Bd3 42.Kd2 Qc2+  0-1

[Event "FSGM February"]
[Site "Budapest HUN"]
[Date "2009.02.08"]
[Round "2"]
[White "Duong The Anh"]
[Black "Konnyu,J"]
[Result "1-0"]
[WhiteElo "2418"]
[BlackElo "2405"]

1.d4 Nf6 2.Bg5 Ne4 3.Bf4 c5 4.f3 Qa5+ 5.c3 Nf6 6.Nd2 cxd4 7.Nb3 Qb6 8.Qxd4 Nc6
9.Qxb6 axb6 10.Nd4 Ra4 11.e4 e5 12.Nxc6 dxc6 13.Bg3 Be6 14.a3 Nd7 15.Bd3 f6
16.Ne2 Nc5 17.Bc2 Ra8 18.Bf2 b5 19.Nc1 Kf7 20.Nd3 Nxd3+ 21.Bxd3 b4 22.cxb4 Bxb4+
23.Ke2 Bd6 24.Rac1 Rhc8 25.Rhd1 c5 26.Bc4 Bxc4+ 27.Rxc4 b5 28.Rc2 Ke6 29.Rd5 b4
30.Bxc5 Rxc5 31.Rcxc5 Bxc5 32.Rxc5 bxa3 33.bxa3 Rxa3 34.Rc7 Ra2+ 35.Kf1 g6
36.Rxh7 f5 37.exf5+ Kxf5 38.Rf7+ Ke6 39.Rf8 Ke7 40.Rb8 Kf6 41.Kg1 Kf5 42.Rf8+ Kg5
43.h3 Kh6 44.Rf7 Re2 45.Re7 Kg5 46.Kf1 Ra2 47.Rxe5+ Kf6 48.Re2 Ra6 49.Kf2 Rb6
50.h4 Kg7 51.Kg3 Rb7 52.Kg4 Rf7 53.Re5 Ra7 54.Kg5 Ra2 55.g4 Ra7 56.f4 Rb7
57.h5 gxh5 58.Kxh5 Kf6 59.g5+ Kg7  1-0

[Event "Masters"]
[Site "Bunratty IRL"]
[Date "2009.02.22"]
[Round "6"]
[White "Orr,M"]
[Black "Wallace,P"]
[Result "1-0"]
[WhiteElo "2249"]
[BlackElo "2253"]

1.d4 Nf6 2.Bg5 Ne4 3.Bf4 c5 4.f3 Nf6 5.d5 d6 6.e4 g6 7.c4 Bg7 8.Nc3 Nbd7
9.Nh3 h6 10.Nf2 Ne5 11.Be2 Nh5 12.Be3 g5 13.g3 Ng6 14.Qd2 Nf6 15.f4 g4 16.O-O Bd7
17.Nd3 Qc7 18.e5 dxe5 19.f5 Nf8 20.Nxc5 a6 21.b4 Bc8 22.N5e4 N8d7 23.d6 exd6
24.Nxd6+ Kf8 25.c5 Rh7 26.Bc4 Bh8 27.Rad1 Kg8 28.Bxh6  1-0

[Event "47th XtraCon TCh-DEN 2008-9"]
[Site "Denmark DEN"]
[Date "2009.02.22"]
[Round "7"]
[White "Nielsen,St"]
[Black "Naes,F"]
[Result "0-1"]
[WhiteElo "2237"]
[BlackElo "2259"]

1.d4 Nf6 2.Bg5 Ne4 3.Bf4 c5 4.f3 Qa5+ 5.c3 Nf6 6.Nd2 cxd4 7.Nb3 Qd8 8.Bxb8 Rxb8
9.Qxd4 b6 10.e4 e6 11.Nh3 Be7 12.e5 Nd5 13.Bd3 Qc7 14.O-O Bc5 15.Nxc5 bxc5
16.Qf2 c4 17.Be4 Qxe5 18.Bxd5 Qxd5 19.Qg3 Rb5 20.Qxg7 Qe5 21.Qxe5 Rxe5 22.b4 Bb7
23.Kf2 Ke7 24.Rfd1 d5 25.Nf4 Rf5 26.g3 Rd8 27.Ng2 a5 28.a3 Ra8 29.f4 Bc6
30.Nh4 Rf6 31.Nf3 Ba4 32.Rd2 Bb3 33.Re1 axb4 34.axb4 Ra3  0-1

[Event "ch-EST w"]
[Site "Rakvere EST"]
[Date "2009.02.26"]
[Round "9"]
[White "Vahtra,T"]
[Black "Narva,T"]
[Result "0-1"]
[WhiteElo "1988"]
[BlackElo "1835"]

1.d4 Nf6 2.Bg5 Ne4 3.Bf4 c5 4.f3 Qa5+ 5.c3 Nf6 6.Nd2 cxd4 7.Nb3 Qf5 8.Bxb8 Rxb8
9.Qxd4 b6 10.e4 Qe6 11.O-O-O d6 12.Qa4+ Nd7 13.Qxa7 g6 14.Bb5 Rb7 15.Qa4 Bh6+
16.Kb1 O-O 17.Nd4 Qf6 18.Nc6 Nc5 19.Qd4 Qg5 20.Bf1 Be6 21.h4 Qe3 22.Nb4 Ra8
23.Nd5 Qxd4 24.Rxd4 Bg7 25.Rd1 Rba7 26.a3 Bxd5 27.Rxd5 Bxc3 28.Ne2 Bf6 29.Nc1 b5
30.f4 Nxe4 31.Bxb5 Rxa3 32.bxa3 Nc3+ 33.Kc2 Nxd5 34.Kb3 Nxf4 35.g3 Ne6 36.a4 Nd4+
37.Kb4 e5 38.Nb3 Nxb3 39.Kxb3 d5 40.Rd1 d4 41.Bc6 Rc8 42.Bd5 Bd8 43.Kb4 Be7+
44.Kb3 Rc3+ 45.Kb2 Ba3+ 46.Ka2 Kf8 47.Rb1 f5 48.a5 Bd6 49.Rb6 Bc7 50.Rb5 Bd6
51.Bb3 Rc5 52.Rxc5 Bxc5 53.Kb2 Ke7 54.a6 h6 55.Kc2 e4 56.Kd2 Kf6 57.Ke2 g5
58.h5 Ke5 59.Ba4 d3+ 60.Kd2 Kd4 61.Bb5 e3+ 62.Ke1 Bb4+ 63.Kf1 e2+  0-1

[Event "FSIMA March"]
[Site "Budapest HUN"]
[Date "2009.03.07"]
[Round "1"]
[White "Vegh,E"]
[Black "Jones,Ri"]
[Result "1/2-1/2"]
[WhiteElo "2285"]
[BlackElo "2075"]

1.d4 Nf6 2.Bg5 Ne4 3.Bf4 c5 4.f3 Qa5+ 5.c3 Nf6 6.Nd2 cxd4 7.Nb3 Qb6 8.Qxd4 Nc6
9.Qxb6 axb6 10.Nd4 e5 11.Nxc6 exf4 12.Nd4 Nd5 13.Nh3 Bc5 14.e4 fxe3 15.Bc4 Nf6
16.Nf4 O-O 17.O-O-O d5 18.Nxd5 Nxd5 19.Bxd5 Rd8 20.Ne2 Kf8 21.b4 Be7 22.Kb2 h5
23.Rhe1 h4 24.a3 Rb8 25.Be4 Rxd1 26.Rxd1 Be6 27.Rd3 Rd8 28.Nd4 Rxd4 29.cxd4 e2
30.Re3 Bc4 31.f4 Bd6 32.Bf3 Bxf4 33.Bxe2 Bxe3 34.Bxc4 Bxd4+ 35.Kb3 h3  1/2-1/2

[Event "10th EICC"]
[Site "Budva MNE"]
[Date "2009.03.10"]
[Round "5"]
[White "Fernandes,Ant"]
[Black "Susak,Z"]
[Result "1/2-1/2"]
[WhiteElo "2422"]
[BlackElo "2229"]

1.d4 Nf6 2.Bg5 Ne4 3.Bh4 c5 4.f3 g5 5.fxe4 gxh4 6.e3 cxd4 7.exd4 d5 8.Nc3 Bg7
9.Bb5+ Nc6 10.Nxd5 e6 11.Nb4 Qb6 12.Qh5 O-O 13.Nxc6 bxc6 14.Bd3 Qxb2 15.Rd1 Qxd4
16.Qxh4 Qb4+ 17.Kf1 a5 18.Qe1 Qb6 19.Nf3 Ba6 20.g3 c5 21.Qe2 Bb7 22.Kg2 Rae8
23.Rhe1 h6 24.e5 Rd8 25.Rb1 Qc7 26.Be4 Rb8 27.Red1 Bc6 28.Rxb8 Rxb8 29.Rd6 Bb5
30.Qd2 Bf8 31.c4 Bxc4 32.Rd7 Qc8 33.Ra7 Bd5 34.Qf4 Qe8 35.a3 Rb2+ 36.Kh3 Bg7
37.Rxa5 c4 38.Rc5 Re2 39.Bxd5 exd5 40.Qf5 Qe6 41.Rc8+ Bf8 42.g4 Re3 43.Kg2 Rxa3
44.Nd4 Qb6 45.e6 Qb2+ 46.Qf2 Qxf2+ 47.Kxf2 Ra7 48.Kg3 Re7 49.exf7+ Kxf7 50.Rd8 Re3+
51.Kf2 Rd3 52.Nf5 c3 53.Rc8 d4 54.Nxd4 Rxd4 55.Rxc3 Rxg4 56.Rf3+ Ke8 57.Re3+ Kd7
58.Rg3 Rh4 59.Kg2 Bd6 60.Rh3 Rg4+ 61.Kf3 Rg6 62.Rh4 Ke6 63.Rg4 Rf6+ 64.Kg2 Kf5
65.Ra4 Rg6+ 66.Kh3 Rg5 67.Rh4 Bf8 68.Ra4 Bg7 69.Rh4 Rg1 70.Rg4 Rxg4  1/2-1/2

[Event "10th EICC"]
[Site "Budva MNE"]
[Date "2009.03.15"]
[Round "9"]
[White "Fernandes,Ant"]
[Black "Kadric,D"]
[Result "1-0"]
[WhiteElo "2422"]
[BlackElo "1982"]

1.d4 Nf6 2.Bg5 Ne4 3.Bf4 e6 4.e3 d5 5.Nd2 Nf6 6.c4 Nbd7 7.c5 c6 8.b4 a6 9.Bd3 Be7
10.h3 O-O 11.Ngf3 Re8 12.Bh2 Nf8 13.O-O Ng6 14.a3 Nd7 15.Re1 e5 16.dxe5 Bh4
17.Bxg6 hxg6 18.e4 Nf8 19.Nb3 Be6 20.Na5 Ra7 21.Nd4 Qg5 22.g3 dxe4 23.Rxe4 Bd5
24.Rg4 Qxe5 25.gxh4 Qf6 26.Qd2 Ne6 27.Re1 Rd8 28.Qe3 Nxd4 29.Rxd4 Raa8 30.Be5 Qf5
31.Nxb7 f6 32.Nxd8 Rxd8 33.Bd6  1-0

[Event "10th EICC"]
[Site "Budva MNE"]
[Date "2009.03.16"]
[Round "10"]
[White "Smirnov,Arte"]
[Black "Maslak,K"]
[Result "1/2-1/2"]
[WhiteElo "2449"]
[BlackElo "2541"]

1.d4 Nf6 2.Bg5 Ne4 3.Bf4 c5 4.f3 Qa5+ 5.c3 Nf6 6.d5 d6 7.e4 g6 8.Nd2 Bg7
9.Nc4 Qd8 10.a4 b6 11.Qd2 Ba6 12.Nh3 O-O 13.Be2 Bxc4 14.Bxc4 a6 15.O-O Nbd7
16.Bh6 Qc8 17.b3 Qb7 18.Bxg7 Kxg7 19.Be2 b5 20.a5 Qc7 21.Rfd1 Rfe8 22.Nf2 Rad8
23.f4 Nb8 24.c4 b4 25.g4 h6 26.Qb2 Kg8 27.h4 Nh7 28.g5 h5 29.Bf3 e6 30.Kg2 Qe7
31.Re1 Nd7 32.Rad1 Nhf8 33.Nh1 e5 34.f5 f6 35.Qd2 fxg5 36.hxg5 Nh7 37.f6 Ndxf6
38.gxf6 Qxf6 39.Rf1 Qh4 40.Qf2 Qg5+ 41.Qg3 Rf8 42.Nf2 Rf6 43.Qxg5 Nxg5 44.Nh3 Nxh3
45.Kxh3 Rdf8 46.Bg2 Kg7 47.Kg3 Rxf1 48.Bxf1 g5 49.Be2 Kg6 50.Rf1 Rxf1  1/2-1/2

[Event "FSIMA March"]
[Site "Budapest HUN"]
[Date "2009.03.17"]
[Round "11"]
[White "Corke,A"]
[Black "Mihok,O"]
[Result "1/2-1/2"]
[WhiteElo "2260"]
[BlackElo "2355"]

1.d4 Nf6 2.Bg5 Ne4 3.Bf4 c5 4.f3 Qa5+ 5.c3 Nf6 6.d5 Qb6 7.Bc1 e6 8.c4 exd5
9.cxd5 c4 10.e3 Bc5 11.Kf2 O-O 12.Bxc4 Re8 13.Qb3 Qd8 14.Ne2 d6 15.Rd1 a6
16.a4 Nbd7 17.Nd4 Nb6 18.Nc3 Nxc4 19.Qxc4 b5 20.Qb3 b4 21.Nce2 Bb7 22.Nc6 Qd7
23.Ned4 a5 24.Qc4 Ba6 25.Qb3 Bb7 26.Qc4 Ba6 27.Qb3 Bb7  1/2-1/2

[Event "10th EICC"]
[Site "Budva MNE"]
[Date "2009.03.17"]
[Round "11"]
[White "Cebalo,M"]
[Black "Zueger,B"]
[Result "0-1"]
[WhiteElo "2509"]
[BlackElo "2408"]

1.d4 Nf6 2.Bg5 Ne4 3.Bf4 c5 4.d5 d6 5.f3 Nf6 6.e4 e5 7.dxe6 Bxe6 8.Nc3 Nc6
9.Bb5 Qb6 10.Nge2 O-O-O 11.O-O d5 12.Bxc6 Qxc6 13.exd5 Nxd5 14.Nxd5 Rxd5
15.Qe1 g5 16.Bg3 Bg7 17.Nc3 Rd7 18.Qe2 Rhd8 19.Rad1 b6 20.Rxd7 Rxd7 21.Re1 Kb7
22.Be5 Bf8 23.Ne4 h6 24.c4 Bf5 25.Nf6 Rd8 26.b3 Bg7 27.Nh5 Bf8 28.Bf6 Rc8
29.Bc3 Rd8 30.Qe5 Bg6 31.Nf6 a6 32.Nd5 Ka7 33.h3 Bd6 34.Qf6 Rc8 35.Kf2 b5
36.Ba5 b4 37.Bb6+ Kb8 38.Bd8 Kb7 39.Be7 Bb8 40.Qg7 h5 41.Bxg5 Re8 42.Be7 a5
43.f4 a4 44.f5 Bxf5 45.Qxf7 Bg6 46.Qg7 Ka8 47.Re3 a3 48.Rf3 Be4 49.Rf6 Qb7
50.Qf7 Rxe7 51.Nxe7 Qc7 52.Qe8 Qg3+ 53.Ke2 Qd3+ 54.Ke1 Qe3+ 55.Kd1 Qd3+ 56.Ke1 Qb1+
57.Ke2 Qc2+ 58.Ke3 Qd3+ 59.Kf2 Qd2+ 60.Kf1 Bd3+  0-1

[Event "Copa Ajedrez Plus"]
[Site "Ramos Mejia ARG"]
[Date "2009.03.18"]
[Round "7"]
[White "Rodriguez Vila,A"]
[Black "Larrea,M"]
[Result "1-0"]
[WhiteElo "2524"]
[BlackElo "2276"]

1.d4 Nf6 2.Bg5 Ne4 3.Bf4 c5 4.d5 Qb6 5.Nd2 Nxd2 6.Bxd2 Qxb2 7.e3 g6 8.Rb1 Qe5
9.c4 Bg7 10.Bd3 Qc7 11.h4 h5 12.Nh3 e5 13.Ng5 d6 14.f4 Bg4 15.Qc2 exf4 16.O-O O-O
17.exf4 f6 18.Nf3 Bxf3 19.Rxf3 f5 20.Rg3 Kh7 21.Re1 Nd7 22.Re7 Rae8 23.Rxg7+ Kxg7
24.Bxf5 Nf6 25.Rxg6+ Kh8 26.Bc3 Qe7 27.Rh6+  1-0

[Event "10th EICC w"]
[Site "St Petersburg RUS"]
[Date "2009.03.19"]
[Round "11"]
[White "Ovod,E"]
[Black "Bodnaruk,A"]
[Result "1-0"]
[WhiteElo "2430"]
[BlackElo "2384"]

1.d4 Nf6 2.Bg5 Ne4 3.Bf4 c5 4.f3 Qa5+ 5.c3 Nf6 6.d5 d6 7.e4 g6 8.Na3 Bg7
9.Nc4 Qd8 10.a4 O-O 11.Qd2 Re8 12.Ne2 Nbd7 13.Ng3 h5 14.h4 b6 15.Bd3 Qc7
16.Rc1 Ne5 17.Be2 Rd8 18.Bh6 Kh7 19.Bxg7 Kxg7 20.Ne3 e6 21.c4 Qe7 22.f4 Neg4
23.Bxg4 Nxg4 24.Nxg4 hxg4 25.h5 Rh8 26.Kf2 Bd7 27.hxg6 fxg6 28.dxe6 Bxe6
29.b3 Raf8 30.Rxh8 Rxh8 31.Rd1 Rd8 32.f5 Qf6 33.Rh1 Rf8 34.Rh6 Kg8 35.Qxd6 Qb2+
36.Ne2 Bf7 37.Rh4 g3+ 38.Qxg3 Qf6 39.Rf4 Kg7 40.fxg6 Qxg6 41.Qc3+ Kg8 42.Qf3 Qh6
43.Ng3 Be6 44.Rxf8+ Qxf8 45.Qxf8+ Kxf8 46.Ke3 a6 47.Ne2 Bd7 48.Kf4 b5 49.axb5 axb5
50.Ke5 Bc6 51.cxb5 Bxb5 52.Nc3 Bd3 53.Na4 c4 54.b4 Ke7 55.g4 Kd7 56.g5 Ke7
57.b5  1-0

[Event "Copa Ajedrez Plus"]
[Site "Ramos Mejia ARG"]
[Date "2009.03.20"]
[Round "9"]
[White "Barrionuevo,P"]
[Black "Larrea,M"]
[Result "0-1"]
[WhiteElo "2327"]
[BlackElo "2276"]

1.d4 Nf6 2.Bg5 Ne4 3.Bf4 c5 4.f3 Qa5+ 5.c3 Nf6 6.d5 Qb6 7.e4 Qxb2 8.Nd2 Qxc3
9.Bc7 d6 10.Rc1 Qe3+ 11.Ne2 Qh6 12.Ba5 g5 13.Nc4 Bg7 14.Bd2 Qg6 15.Ne3 O-O
16.Ng3 e6 17.Bc4 exd5 18.exd5 Nh5 19.Qb3 f5 20.Bd3 Nf4 21.Bb1 Bd4 22.O-O Nd7
23.Kh1 Ne5 24.Ngxf5 Rxf5 25.g4 Ned3 26.gxf5 Nxc1 27.Bxc1 Qh5 28.Qb5 Kf8 29.Be4 Qe8
30.Qb3 b6 31.Nc4 Ba6 32.Rd1 Nh3 33.Kg2 Nf4+ 34.Kh1 Nh3 35.Kg2 Qh5 36.Nxd6 Qh4
37.Nb5 Nf2 38.Nxd4 cxd4 39.Qa3+ Kg8 40.Qxa6 Nxe4  0-1

[Event "10th EICC w t/b Bronze"]
[Site "St Petersburg RUS"]
[Date "2009.03.20"]
[Round "2.4"]
[White "Ovod,E"]
[Black "Lomineishvili,M"]
[Result "0-1"]
[WhiteElo "2430"]
[BlackElo "2437"]

1.d4 Nf6 2.Bg5 Ne4 3.Bf4 d5 4.f3 Nf6 5.e3 e6 6.c4 Bd6 7.Bxd6 Qxd6 8.Nc3 O-O
9.Bd3 dxc4 10.Bxc4 c5 11.Nge2 Nc6 12.Nb5 Qe7 13.O-O Rd8 14.Qd2 a6 15.Nbc3 cxd4
16.exd4 b5 17.Bb3 Bb7 18.Kh1 Rd7 19.Ne4 Nxe4 20.fxe4 Rad8 21.d5 Ne5 22.Nf4 exd5
23.Nxd5 Qh4 24.Rf4 Qg5 25.Raf1 Ng6 26.R4f2 Qxd2 27.Rxd2 Ne5 28.Rfd1 Kf8 29.Kg1 Rd6
30.Kf2 a5 31.a3 Ng4+ 32.Kg3 Ne3 33.Re1 Nxd5 34.exd5 a4 35.Ba2 Rc8 36.Re4 Rc1
37.Rb4 Ra1 38.b3 Rxd5 39.Rxd5 Bxd5 40.Rxb5 Rxa2 41.Rxd5 Rxa3 42.Ra5 Rxb3+
43.Kf4 a3 44.Ke5 Ke7 45.Ra7+ Kd8 46.Rxf7 Rb5+ 47.Kd6 Rb6+ 48.Kc5 Ra6 49.Rf1 a2
50.Ra1 Ke7 51.Kb5 Ra8 52.Kb4 Ke6 53.Kb3 Ke5 54.Rxa2 Rxa2 55.Kxa2 Kd4 56.Kb3 Ke3
57.Kc4 Kf2 58.g4 Kf3 59.g5 Kf4 60.Kd4 Kxg5 61.Ke3 Kg4 62.Kf2 Kh3 63.Kg1 h5
64.Kh1 g5 65.Kg1 h4 66.Kh1 Kg4 67.Kg2 Kf4 68.Kf2 g4 69.Kg2 Ke5  0-1